000 00857nam0a22002651 4500
001 rc\2771188
005 20250806204108.0
035 _a(NLR Aleph) 006897559
090 _a27736
_c27736
100 _a20110915d1941 u y0rusy50 ca
101 1 _arus
_cpol
102 _aRU
105 _ay z |||||
200 1 _aКоричневый хищник
_fВанда Василевская
210 _aКиев
_cПолитиздат при ЦК КП(б)У
_d1941
215 _a16 с.
_d19 см.
300 _aБез тит. л. Описано по обл.
700 1 _aВасилевская
_bВ.Л.
_f1905-1964
_gВанда Львовна
801 0 _aRU
_bNLR
_gpsbo
801 1 _aRU
_bELAR
_2rusmarc
852 _aNLR
_jИ54 Г-4/36
942 _cBOOK
945 _aРоссийская национальная библиотека
980 _aNB
980 _aBV